[Event "SVK-chT5 A22 2223"]
[Site "Slovakia"]
[Date "2023.03.18"]
[Round "9.4"]
[White "Vida, Reka"]
[Black "Martos, Martin"]
[Result "1-0"]
[WhiteElo "1309"]
[BlackElo "1000"]
[PlyCount "47"]
[EventDate "2022.10.15"]
[EventType "team-tourn"]
[EventRounds "9"]
[EventCountry "SVK"]
[SourceTitle "EXT 2024"]
[Source "ChessBase"]
[SourceDate "2023.10.10"]
[SourceVersion "1"]
[SourceVersionDate "2023.10.10"]
[SourceQuality "1"]
[WhiteTeam "Dunajska Streda IV"]
[BlackTeam "Surovce Juniors"]
[WhiteTeamCountry "SVK"]
[BlackTeamCountry "SVK"]

1. e4 e5 2. Nf3 Nc6 3. Bc4 Bc5 4. d3 d6 5. Nc3 Be6 6. Bxe6 fxe6 7. b3 Nf6 8. h3 h6 9. Bb2 Qe7 10. Qd2 0-0-0 11. 0-0 d5 12. Rfe1 d4 13. Ne2 Rdg8 14. c3 Qd6 15. Rac1 Nd7 16. Qc2 g5 17. Nd2 g4 18. Nc4 Qf8 19. b4 Bb6 20. Nxb6+ axb6 21. h4 Qe7 22. cxd4 exd4 23. b5 Nce5 24. Qxc7# 1-0

[Event "SVK-chT5 A22 2223"]
[Site "Slovakia"]
[Date "2023.01.21"]
[Round "5.4"]
[White "Rachelova, Nikola"]
[Black "Martos, Martin"]
[Result "1/2-1/2"]
[WhiteElo "1144"]
[BlackElo "1000"]
[PlyCount "82"]
[EventDate "2022.10.15"]
[EventType "team-tourn"]
[EventRounds "9"]
[EventCountry "SVK"]
[SourceTitle "EXT 2024"]
[Source "ChessBase"]
[SourceDate "2023.10.10"]
[SourceVersion "1"]
[SourceVersionDate "2023.10.10"]
[SourceQuality "1"]
[WhiteTeam "Dunajska Streda V"]
[BlackTeam "Surovce Juniors"]
[WhiteTeamCountry "SVK"]
[BlackTeamCountry "SVK"]

1. e4 c6 2. Nf3 d5 3. exd5 cxd5 4. d4 Nf6 5. Nc3 Bf5 6. Bg5 e6 7. a3 a6 8. Be2 Bd6 9. 0-0 Nbd7 10. Re1 0-0 11. Bd3 Bg6 12. Ne5 Be7 13. Nxg6 hxg6 14. Qf3 Re8 15. Re2 Nh7 16. Bxe7 Rxe7 17. Rae1 Nhf8 18. Nxd5 Re8 19. Nc3 Qb6 20. Nd5 Qd6 21. c3 Nb8 22. Nf4 Nbd7 23. Bc4 Re7 24. d5 e5 25. Nd3 Rae8 26. Re4 f6 27. Qe2 Kf7 28. f4 f5 29. fxe5 Qb6+ 30. Kh1 fxe4 31. d6+ Re6 32. Bxe6+ Nxe6 33. Rf1+ Kg8 34. Qxe4 Rf8 35. Rxf8+ Ndxf8 36. Qd5 Qe3 37. h3 Qb6 38. Nf4 Qc6 39. Qb3 Qd7 40. Qd5 Kh7 41. Nd3 g5 1/2-1/2

[Event "SVK-chT3A2 2223"]
[Site "Slovakia"]
[Date "2022.12.04"]
[Round "3.8"]
[White "Janas, Peter"]
[Black "Martos, Martin"]
[Result "1-0"]
[WhiteElo "1671"]
[BlackElo "1000"]
[PlyCount "37"]
[EventDate "2022.10.16"]
[EventType "team-tourn"]
[EventRounds "9"]
[EventCountry "SVK"]
[SourceTitle "EXT 2024"]
[Source "ChessBase"]
[SourceDate "2023.10.10"]
[SourceVersion "1"]
[SourceVersionDate "2023.10.10"]
[SourceQuality "1"]
[WhiteTeam "Hlohovec"]
[BlackTeam "Surovce"]
[WhiteTeamCountry "SVK"]
[BlackTeamCountry "SVK"]

1. Nc3 e5 2. e4 Nf6 3. f4 d6 4. Nf3 Bg4 5. Bc4 h6 6. fxe5 dxe5 7. Bxf7+ Kxf7 8. Nxe5+ Kg8 9. Nxg4 Nxg4 10. Qxg4 Bb4 11. 0-0 Nd7 12. e5 Bc5+ 13. d4 Be7 14. Qe6+ Kh7 15. Rf7 Re8 16. Bxh6 Bb4 17. Rxg7+ Kh8 18. Qg6 Rf8 19. Qh7# 1-0

[Event "SVK-chT5 A22 2223"]
[Site "Slovakia"]
[Date "2022.11.05"]
[Round "2.5"]
[White "Huttova, Karolina"]
[Black "Martos, Martin"]
[Result "1-0"]
[WhiteElo "1003"]
[BlackElo "1000"]
[PlyCount "109"]
[EventDate "2022.10.15"]
[EventType "team-tourn"]
[EventRounds "9"]
[EventCountry "SVK"]
[SourceTitle "EXT 2024"]
[Source "ChessBase"]
[SourceDate "2023.10.10"]
[SourceVersion "1"]
[SourceVersionDate "2023.10.10"]
[SourceQuality "1"]
[WhiteTeam "Modranka Komplet Juniors II"]
[BlackTeam "Surovce Juniors"]
[WhiteTeamCountry "SVK"]
[BlackTeamCountry "SVK"]

1. e4 e5 2. Nf3 Nc6 3. Bb5 Bc5 4. Bxc6 dxc6 5. Nxe5 Qd4 6. 0-0 Qxe5 7. Nc3 Nf6 8. d3 0-0 9. Bd2 Bg4 10. Qc1 Bd6 11. Bf4 Qc5 12. Bxd6 cxd6 13. Na4 Qg5 14. Qxg5 d5 15. exd5 cxd5 16. Nc3 d4 17. Nb5 Rfd8 18. Nc7 Rac8 19. Nb5 a6 20. Na3 Rd5 21. Qd2 b5 22. h3 Bh5 23. b4 Nd7 24. Rfe1 h6 25. Rac1 Ne5 26. c4 Rd6 27. cxb5 Bf3 28. Rxc8+ Kh7 29. Nc4 Rg6 30. g4 Nxg4 31. hxg4 Rxg4+ 32. Kh2 Rg2+ 33. Kh1 Rxf2+ 34. Kg1 Rxd2 35. Nxd2 Bg4 36. bxa6 Bxc8 37. a7 Bb7 38. Nc4 Kg6 39. Nd6 Bd5 40. b5 Kg5 41. b6 Kg4 42. b7 Bxb7 43. Nxb7 h5 44. a8Q h4 45. Re4+ Kg3 46. Re2 g5 47. Qb8+ Kh3 48. Nc5 g4 49. Qc8 f6 50. Re4 f5 51. Rf4 Kg3 52. Rxd4 f4 53. Ne6 f3 54. Ng5 h3 55. Qxg4# 1-0